LDR 00584naa#a2200157#i#450# 001 RU\\bibl\115189 005 20260426100817.7 011 ## _a2782-4586 100 ## _a20260331b2026####ek#y0rusy0150####ca 102 ## _aRU 200 1# _aНеформальные институты и их роль в выживании малого бизнеса _eЖурнальная статья 210 1# _aМосква _cУниверситет ИТБО _d2026 215 ## _a6 с. 608 ## _aЖурнальная статья _2local 700 #1 _aИзмайлов _gМаксим Кириллович 856 4# _ajomeam.ru _u